00941cam a22002411 4500001001300000003000400013005001700017008004100034010001700075035001900092040004400111042001200155050002600167051002300193110005500216245004500271260007100316300002300387410006600410501016800476650003800644999001700682e 51000022 DLC20260227111234.0800904s1951 dcu f000 0 eng c ae 51000022  a(OCoLC)6681641 aU. S. Office of EducationcMiMarqNdDLC apremarc00aL111b.A6 1951, no. 3 aLB1607b.C63 1950b2 aCommission on Life Adjustment Education for Youth.10aVitalizing secondary education;breport. a[Washington]bFederal Security Agency, Office of Educationc[1951] avi, 106 p.c23 cm.10aUnited States.bOffice of Education.tBulletin, 1951,vno. 3. aCopies 1 and 2 of L111.A6 with: Frustration in adolescent youth / David Segel. Washington : Govt. Print. Off., 1951. Bound together subsequent to publication.5DLC 0aEducation, SecondaryvCongresses. c22149d22149